000 00929nas a2200313 4500
001 BR2018001399
003 BR-BrBNA
005 20231205131346.0
007 ta
008 230509b bl.|||p| |||| 00| 00por d
040 _aBR-BrBNA
_bpor
_cBiblioteca Nacional de Agricultura
041 _a(En)
072 _aF60; P33
100 1 _aSilva, A.R.A. da
100 1 _aBezerra, F.M.L.
100 1 _aLacerda, C.F. de
100 1 _aMiranda, R. de S.
100 1 _aMarques, E.C.
245 1 _aIon accumulation in young plants of the green dwarf coconut under water and salt stress
650 _aCOCO
650 _aSOLO
650 _aÁGUA
650 _aSALINIDADE
650 _aBIOQUÍMICA
650 _aPRODUÇÃO AGRÍCOLA
773 0 _tRevista Ciência Agronômica (Brazil)
_xISSN 0045-6888
_g(Apr-Jun 2018), v. 49(2) p. 249-258
_wBR2018001399
909 _a202311
_bLúcia
_c55
_dLúcia Elande
942 _2AGRIS
_n0
_cANA
999 _c254376
_d254376